000 00720nam a2200229 i 4500
001 47492
003 ES-MaACL
005 20250805063238.0
007 t|
008 030429s2002 sp ||||0| spa j
020 _a84-9734-075-2
040 _aM-BN
_bspa
_cM-BN
080 _a1(081) Savater, Fernando
100 1 _aSavater, Fernando,
_d1947-
_9104053
245 1 0 _aPensamientos arriesgados: (casi) todo Savater /
_cFernando Savater ; edición de José Sánchez Tortosa.
250 _a1ª ed.
260 _aMadrid :
_bLa Esfera de los Libros,
_c2002.
300 _a284 p. ;
_c24 cm.
700 1 _aSánchez Tortosa, José.
_9102961
852 _aES-MaACL
_jL-26276
_bR.132117
999 _c47492
_d47492